| 000 | 00806cam a2200229 a 4500 | ||
|---|---|---|---|
| 999 |
_c7573 _d7573 |
||
| 003 | OSt | ||
| 005 | 20200316113324.0 | ||
| 008 | 050607s2005 enkab f b 001 0 eng d | ||
| 020 | _a076197041X (hbk.) | ||
| 040 |
_aUKM _cUKM _dC#P _dINU _dDLC |
||
| 082 | 0 | 4 |
_a307.76 _222 _bPIL |
| 100 | 1 |
_aPile, Steve, _d1961- |
|
| 245 | 1 | 0 |
_aReal cities : _bmodernity, space, and the phantasmagorias of city life / _cSteve Pile. |
| 260 |
_aLondon ; _aThousand Oaks, Calif. : _bSAGE, _c2005. |
||
| 300 |
_axi, 216 p. : _bill., map ; _c25 cm. |
||
| 504 | _aIncludes bibliographical references (p. [197]-210) and index. | ||
| 650 | 0 |
_aCity and town life _xPsychological aspects. |
|
| 650 | 0 | _aPsychoanalysis and human geography. | |
| 650 | 0 | _aPersonal space. | |
| 906 |
_a7 _bcbc _ccopycat _d2 _eepcn _f20 _gy-gencatlg |
||
| 942 | _2ddc | ||